| 000 | 00356 a2200157 4500 | ||
|---|---|---|---|
| 001 | 154194 | ||
| 040 | _cEscola São Tomás de Aquino | ||
| 100 | _aSABINO, Fernando | ||
| 240 | 1 | 0 |
_aO outro gume da faca _lpor |
| 245 | 1 | 0 | _aO outro gume da faca |
| 300 | _a103 | ||
| 362 | 0 | _a1997 | |
| 440 | 1 | _aÁtica | |
| 697 | _aLITERATURA BRASILEIRA | ||
| 942 | _cBK | ||
| 999 |
_c154194 _d154194 |
||